ระบบห้องสมุดอัตโนมัติ ULibM
วิทยาลัยพยาบาลบรมราชชนนี พระพุทธบาท
เปลี่ยนเป็นภาษาไทย

Change to English
 แสดงรายละเอียดบรรณานุกรม
  กลับหน้าหลัก

Brief Record : Get Marc (ISO 2709) : E-mail record : QR code ปิดหน้าต่าง
สารบัญ Review โดย
รัตนาพร พรมเดช
วิทยาลัยพยาบาลบรมราชชนนี พระพุทธบาท
รัตนาพร พรมเดช เมื่อ21/มีนาคม/2568
บทที่ 19 คุณสมบัติเชิงไฟฟ้าของเซลล์ประสาทและการถ่ายทอดสัญญาณประสาท
บทที่ 20 การถ่ายทอดสัญญาณประสาทผ่านซินแนปส์
บทที่ 21 ระบบสารสื่อประสาท 1 : กลุ่มอนุพันธ์กรดอะมิโนและแอซิทิลโคลีน
บทที่ 22 ระบบสารสื่อประสาท 2 : กลุ่มโมโนเอมีน นิวโรเปปไทด์
บทที่ 23 เมแทบอลิซึมของพลังงานในสมอง
บทที่ 24 ระบบการมองเห็น
บทที่ 25 ระบบการได้ยิน
บทที่ 26 ประสาทสัมผัสทางเคมี
บทที่ 27 การควบคุมระบบต่อมไร้ท้อและภาวะธำรงดุลของร่างกายโดยไฮโพธาลามัส
บทที่ 28 ระบบประสาทอัตโนมัติและควบคุมการทำงานของอวัยวะภายใน
บทที่ 29 การควบคุมจังหวะชีวภาพ วงจรการหลับตื่น และระดับสติสัมปชัญญะ
บทที่ 30 อารมณ์ ระบบการได้รางวัล และการเสพติด
บทที่ 31 การเรียนรู้และความจำ
บทที่ 32 สมองกับการสื่อสารด้วยภาษา
บทที่ 33 เปลือกสมองส่วนประสานงานและโครงข่ายเปลือดสมองขนาดใหญ่
บทที่ 34 การตรวจทางระบบประสาทเพื่อระบุรอยโรคของฌซรีบรัมและการตรวจการตอบสนองแบบรีเฟล็กซ์ของก้านสมอง

E-books : เกี่ยวกับ Collections
LEADER 00000nam 2200000uu 4500
001    13399130125
003     ULIBM
008    020711s2566 th a 000 0 tha d
020    9786164438552
060    WL100 ต367 2566
100    บรรณาธิการ, กิตติคุณ วิวัฒน์ภิญโญ
245    ตำราประสาทวิทยาศาสตร์ เล่ม 2
250    พิมพ์ครั้งที่ 1
260    นครปฐม :^bสำนักพิมพ์มหาวิทยาลัยมหิดล,^c2566
300    560 หน้า ;^c25 ซม.
501    Bookshelf: WL 1/1
999    ^aนางสาวณิชาพร เกตุศีระ
รายการนี้ยังไม่มีแท็ก
คุณยังไม่ได้ล็อกอิน คุณสามารถมีกิจกรรมร่วมกับเว็บไซต์ได้ แต่ต้องล็อกอินก่อน ::
  ล็อกอิน
ลำดับที่ ประเภท เลขเรียก สถานที่ สถานะ
1. หนังสือ
หนังสือ
WL100 ต367 2566 c.1 
  
วิทยาลัยพยาบาลบรมราชชนนี พระพุทธบาท
►หนังสือทั่วไป
On Shelf
2. หนังสือ
หนังสือ
WL100 ต367 2566 c.2 
  
วิทยาลัยพยาบาลบรมราชชนนี พระพุทธบาท
►หนังสือทั่วไป
On Shelf
3. หนังสือ
หนังสือ
WL100 ต367 2566 c.3 
  
วิทยาลัยพยาบาลบรมราชชนนี พระพุทธบาท
►หนังสือทั่วไป
On Shelf
4. หนังสือ
หนังสือ
WL100 ต367 2566 c.4 
  
วิทยาลัยพยาบาลบรมราชชนนี พระพุทธบาท
►หนังสือทั่วไป
On Shelf
5. หนังสือ
หนังสือ
WL100 ต367 2566 c.5 
  
วิทยาลัยพยาบาลบรมราชชนนี พระพุทธบาท
►หนังสือทั่วไป
On Shelf
   [แสดง 5/5 รายการ]

รายการใกล้เคียง
    ผู้แต่ง [บรรณาธิการ, กิตติคุณ วิวัฒน์ภิญโญ]

Bib 13399130125